000 00287nam a2200097Ia 4500
008 220204s9999 xx 000 0 und d
082 _a339.562
_bIMP.1
245 0 _aImport trade policy for the year April 1972-March 1973. V 1
260 _aDelhi
_bManager of Publications
_c1972
942 _cBK
999 _c21739
_d21739